My dear Babu: (Record no. 85009)
[ view plain ]
| 000 -LEADER | |
|---|---|
| fixed length control field | 00738nam a22001937a 4500 |
| 005 - DATE AND TIME OF LATEST TRANSACTION | |
| control field | 20140611111833.0 |
| 010 ## - LCCN (DPL NO) | |
| LC control number | B-504789-795 |
| 020 ## - INTERNATIONAL STANDARD BOOK NUMBER | |
| International Standard Book Number | 9780670085019 |
| Terms of availability | 599.00 |
| 035 ## - SYSTEM CONTROL NUMBER | |
| System control number | B-504789-795 |
| 037 ## - SOURCE OF ACQUISITION | |
| Stock number | dpl |
| Source of stock number/acquisition | K.K.Pub/Ven |
| 082 ## - DEWEY DECIMAL CLASSIFICATION NUMBER | |
| Classification number | 301.153 |
| 245 ## - TITLE STATEMENT | |
| Title | My dear Babu: |
| Remainder of title | letters from C. Rajagopalachari to Mohandas Karamchand Gandhi/ |
| Statement of responsibility, etc | edited by Gopalkrishna Gandhi |
| 260 ## - PUBLICATION, DISTRIBUTION, ETC. (IMPRINT) | |
| Place of publication, distribution, etc | New Delhi |
| Name of publisher, distributor, etc | Penguin Books India Pvt.Ltd. |
| Date of publication, distribution, etc | 2012 |
| 270 ## - ADDRESS | |
| Address | 11 Community Centre, Panchsheel Park, |
| City | New Delhi |
| Postal code | 110017 |
| 300 ## - PHYSICAL DESCRIPTION | |
| Extent | 343p.: |
| Other physical details | ill. |
| Dimensions | 21cm(Hb) |
| 500 ## - GENERAL NOTE | |
| General note | includes index |
| 942 ## - ADDED ENTRY ELEMENTS (KOHA) | |
| Source of classification or shelving scheme | Dewey Decimal Classification |
| Item type | English Books |
| Classification part | 301.153 |
| Call number suffix | MYD |
| Withdrawn status | Lost status | Not for loan | Collection code | Home library | Current library | Date acquired | Source of acquisition | Cost, normal purchase price | Full call number | Barcode | Copy number | Cost, replacement price | Koha item type |
|---|---|---|---|---|---|---|---|---|---|---|---|---|---|
| Non-fiction | Central Library | Central Library | 11/06/2014 | K.K.Pub/BL2983/11.03.2013/172/11.03.2013/20.03.2013 | 599.00 | 301.153 MYD | B-504789 | 1 | 599.00 | English Books | |||
| Non-fiction | Janak Puri | Janak Puri | 11/06/2014 | K.K.Pub/BL2983/11.03.2013/172/11.03.2013/20.03.2013 | 599.00 | 301.153 MYD | B-504792 | 1 | 599.00 | English Books | |||
| Non-fiction | Karol Bagh | Karol Bagh | 11/06/2014 | K.K.Pub/BL2983/11.03.2013/172/11.03.2013/20.03.2013 | 599.00 | 301.153 MYD | B-504794 | 1 | 599.00 | English Books | |||
| Non-fiction | Kasturba Gandhi Marg | Kasturba Gandhi Marg | 11/06/2014 | K.K.Pub/BL2983/11.03.2013/172/11.03.2013/20.03.2013 | 599.00 | 301.153 MYD | B-504791 | 1 | 599.00 | English Books | |||
| Non-fiction | Patel Nagar | Patel Nagar | 11/06/2014 | K.K.Pub/BL2983/11.03.2013/172/11.03.2013/20.03.2013 | 599.00 | 301.153 MYD | B-504790 | 1 | 599.00 | English Books | |||
| Non-fiction | Sarojini Nagar | Sarojini Nagar | 11/06/2014 | K.K.Pub/BL2983/11.03.2013/172/11.03.2013/20.03.2013 | 599.00 | 301.153 MYD | B-504793 | 1 | 599.00 | English Books | |||
| Non-fiction | Shahdara Branch | Shahdara Branch | 11/06/2014 | K.K.Pub/BL2983/11.03.2013/172/11.03.2013/20.03.2013 | 599.00 | 301.153 MYD | B-504795 | 1 | 599.00 | English Books |
